Psicomotricidad viso-manual: desarrollo de la coordinación motriz. Preparación a la escritura

Guardat en:
Dades bibliogràfiques
Autors principals: Guarga, Lourdes (Autor), Millán, María Luisa (Autor), Yuste Hernanz, Carlos (Autor), Trallero Sanz, Manuel (Autor)
Format: Llibre
Idioma:espanyol
Publicat: Madrid CEPE 1995
Col·lecció:Progresint, 7
Matèries:
Etiquetes: Afegir etiqueta
Sense etiquetes, Sigues el primer a etiquetar aquest registre!

MARC

LEADER 00000nam a2200000 a 4500
001 UCU6936
003 CL-VaPUC
008 960628e19950000SP |||||||||||||||||spa|d
082 0 4 |a 372.6  |b GUA  |2 21 
100 0 |a Guarga, Lourdes  |e author  |9 365318 
700 0 |a Millán, María Luisa  |e author  |9 365319 
700 0 |a Yuste Hernanz, Carlos  |e author  |9 365320 
700 0 |a Trallero Sanz, Manuel  |e author  |9 365321 
245 1 0 |a Psicomotricidad viso-manual: desarrollo de la coordinación motriz. Preparación a la escritura 
300 |a 127 p 
942 |c BK 
945 |d 19960628 00:00:00  |a rbrito 
260 |a Madrid  |b CEPE  |c 1995 
500 |a Educación infantil: Segundo ciclo 
650 0 |a Educación preescolar  |9 260381 
650 0 |a Niños  |9 255605 
650 7 |a MOTRICIDAD  |2 CL-VaPUC  |9 307419 
650 0 |a Enseñanza de la escritura  |9 307377 
650 0 |a Desarrollo motor   |9 313002 
650 0 |a Actividades sensoriomotrices   |9 335908 
583 |a last modification  |c 19960628 00:00:00  |k Rodrigo Vera 
490 0 |a Progresint, 7 
999 |c 249667  |d 249665 
952 |0 0  |1 0  |4 0  |6 372_600000000000000_GUA_1995  |7 0  |8 A  |9 267083  |a BIBEDU  |b BIBEDU  |d 2019-11-19  |i 3208478  |l 1  |o 372.6 GUA 1995  |p 3208478  |r 2023-08-31  |s 2023-08-31  |w 2019-11-19  |y BK  |k EPE 
952 |0 0  |1 0  |4 0  |6 372_600000000000000_GUA_1995  |7 0  |8 A  |9 267084  |a BIBEDU  |b BIBEDU  |d 2019-11-19  |i 3332624  |o 372.6 GUA 1995  |p 3332624  |r 2019-11-19  |w 2019-11-19  |y BK  |k EDU